000 00308 a2200145 4500
001 155007
040 _cEscola São Tomás de Aquino
100 _aSMITH, Bernard
240 1 0 _aDavid Beckham
_lpor
245 1 0 _aDavid Beckham
300 _a15
362 0 _a2003
697 _aLíngua inglesa
942 _cBK
999 _c155007
_d155007